| 000 | 00424nam a2200181Ia 4500 | ||
|---|---|---|---|
| 999 |
_c40575 _d40575 |
||
| 003 | 0100 | ||
| 005 | 20180226105049.0 | ||
| 008 | 130303s9999 xx 000 0 und d | ||
| 040 | _cARRUPELIB | ||
| 050 | _aDT763.V38 1965 | ||
| 100 |
_aVatcher, William Henry Jr. _939564 |
||
| 245 |
_aWhite laager: _bthe rise of Afrikaner nationalism / |
||
| 260 |
_aNew York _bPraeger _c1965 |
||
| 300 | _a309 p. | ||
| 300 | _b 26cm. | ||
| 650 |
_aSouth Africa _xRace relations _929009 |
||
| 650 |
_aSouth Africa _xPolitics _y1909-1948 _939565 |
||
| 942 |
_2lcc _cMONOGRAPH |
||